| 000 | 00872nam a2200241Ia 4500 | ||
|---|---|---|---|
| 003 | GCL | ||
| 008 | 140319s9999 xx 000 0 ara d | ||
| 040 |
_aGCL / _cGCL |
||
| 082 | 0 | 4 |
_a338.9 _bا ت |
| 100 | 1 | _aايهاب الدسوقى | |
| 245 | 1 | 0 |
_aالتخصيصية والاصلاح الاقتصادى فى الدول الناميه مع دراسة التجربة المصرية / _cايهاب الدسوقى |
| 260 |
_a[S.N] : _bدار النهضة العربية ، _c1995 |
||
| 300 | _a221 ص | ||
| 490 | _a | ||
| 650 | 0 | 4 | _aمصر |
| 650 | 0 | 4 | _aالاقتصاد |
| 650 | 0 | 4 | _aالتنمية الاقتصادية |
| 650 | 0 | 4 | _aالخصخصة |
| 650 | 0 | 4 | _aتركيا - الاحوال الاقتصادية |
| 650 | 0 | 4 | _aبريطانيا - الاحوال الاقتصادية |
| 650 | 0 | 4 | _aمصر - الاحوال الاجتماعية |
| 942 |
_2ddc _cBK |
||
| 999 |
_c37078 _d37078 |
||